000 00594nam a2200181 4500
001 139529
003 ES-MaACL
005 20230906195830.0
007 t|
008 070214s1959 sp r ||||1| spa d
100 1 _aSausgruber, Kurt.
_9104014
245 1 3 _aEl átomo y el alma
_b: el problema de la naturaleza del alma y su relación con el cuerpo /
_cKurt Sausgruber ; versión española de Ignacio Rodrigo.
250 _a1ª. ed.
260 _aBarcelona :
_bHerder,
_c1959.
300 _a252 p. ;
_c18 cm.
700 1 _aRodrigo, Ignacio.
_998173
852 _aES-MaACL
_jC-18201
_bR.46461
999 _c139529
_d139529